000 00474nam a22001817a 4500
003 CEME
005 20210628210008.0
008 210210b xxu||||| |||| 00| 0 eng d
040 _c.
082 _a620.1123 GER
100 _aGere, James.M Timoshenko, Stephen.P
_977762
245 _aMechanics of material
250 _a2ND
260 _aNEW DELHI
_bCBS PUBLISHERS & DISTRIBUTORS
_c2000
300 _a752P
650 _aMECHANICS OF MATERIALS
_961267
942 _cBK
_2ddc
999 _c582980
_d582980